Canzoni di Tiziano Ferro - Statistics

Statistiche generali
  • Questo quiz è stato fatto 577 volte
  • Il punteggio medio è 11 su 20
Statistiche sulle risposte
Hint Risposta % Corretto
Ripenserai agli angeli, al caffè caldo svegliandoti Sere nere
92%
Ricorderò e comunque anche se non vorrai, ti sposerò perché non te l'ho detto mai Ti scatterò una foto
79%
La voglia scalpitava, strillava, tuonava, cantava da notte fonda nel petto di Paola, oh, Paola Rosso relativo
77%
Un po' mi manca l'aria che tirava, o semplicemente la tua bianca schiena Non me lo so spiegare
72%
__________ non l'ho capita fino in fondo veramente bene, me e te, uno dei due sa farsi male, l'altro meno però me e te La differenza tra me e te
71%
_______ sì, quel che è fatto, è fatto io però chiedo scusa, regalami un sorriso, io ti porgo una rosa, su questa amicizia nuova pace si posa Xdono
68%
Voglio farti un regalo, qualcosa di dolce, qualcosa di raro Il regalo più grande
67%
Io voglio regalarti la mia vita, chiedo tu cambi tutta la mia vita ora Indietro
62%
Chiedo scusa a chi ho tradito e affanculo ogni nemico La fine
61%
Solo tu sai superarmi, se si parla di confini, se si parla di limiti umani, di pazienza, di amare, di urlare Lo stadio
57%
Come quando io ti ho visto per la prima volta, tra milioni di occhi la vita si nascose Incanto
50%
Ora che sarai un po' sola tra il lavoro e le lenzuola, presto dimmi tu come farai Ed ero contentissimo
42%
Ogni preghiera è una promessa a Dio, che non ho mai dimenticato Potremmo ritornare
42%
Sono un grande falso mentre fingo l'allegria, sei il gran diffidente mentre fingi simpatia Alla mia età
41%
Ho un segreto, ognuno ne ha sempre uno dentro, ognuno lo ha scelto o l'ha spento, ognuno volendo e soffrendo L'amore è una cosa semplice
40%
Cade la neve ed io non capisco che sento davvero, mi arrendo, ogni riferimento è andato via L'ultima notte al mondo
38%
Odio tante cose da quando ti conosco e non ne conosco neanche il perchè, ma lo intuisco Hai delle isole negli occhi
36%
Magari un giorno avremo un posto anche nascosto oppur distante, dalle tante astanterie Per dirti ciao
33%
In questa mattina grigia, in questa casa che ora è veramente solo mia riconosco che sei l'unica persona che conosca Il sole esiste per tutti
25%
Chiudi la porta quando esci, qua dentro c'è troppo di te, poi non voltarti aspetta ancora e ti sorprenderai Il mestiere della vita
19%
Nessun quiz corrispondente trovato
Distribuzione punteggi
Percentuale di utenti per punteggio
Percentile per numero di risposta
I tuoi punteggi nel tempo
Non hai fatto questo quiz